[Event "PMPJ 2022 - C15"]
[Site "Jastrzebia Gora"]
[Date "2022.11.12"]
[Round "7.13"]
[White "Zieba, Hubert"]
[Black "Garwacki, Kornel"]
[Result "0-1"]
[BlackElo "1613"]
[WhiteElo "1453"]
[LiveChessVersion "1.4.4"]

1. c4 {[%clk 1:30:58]} e5 {[%clk 1:30:55]} 2. g3 {[%clk 1:31:24]} Nf6
{[%clk 1:31:11]} 3. Bg2 {[%clk 1:31:49]} Nc6 {[%clk 1:31:37]} 4. Nc3
{[%clk 1:32:13]} Bb4 {[%clk 1:31:52]} 5. Nd5 {[%clk 1:32:39]} O-O
{[%clk 1:30:43]} 6. Nxb4 {[%clk 1:33:05]} Nxb4 {[%clk 1:31:08]} 7. d3
{[%clk 1:32:40]} a5 {[%clk 1:27:56]} 8. Bd2 {[%clk 1:32:28]} c6 {[%clk 1:25:32]}
9. a3 {[%clk 1:30:46]} Na6 {[%clk 1:25:33]} 10. Nf3 {[%clk 1:27:25]} Re8
{[%clk 1:22:39]} 11. Bc3 {[%clk 1:27:00]} d6 {[%clk 1:16:00]} 12. O-O
{[%clk 1:27:15]} Bg4 {[%clk 1:15:22]} 13. b4 {[%clk 1:23:25]} axb4
{[%clk 1:14:33]} 14. axb4 {[%clk 1:23:49]} Qd7 {[%clk 1:13:14]} 15. Qd2
{[%clk 1:22:12]} Nc7 {[%clk 1:11:26]} 16. Qb2 {[%clk 1:19:59]} Bxf3
{[%clk 1:04:24]} 17. Bxf3 {[%clk 1:20:23]} Qe6 {[%clk 1:03:32]} 18. Rxa8
{[%clk 1:18:38]} Nxa8 {[%clk 0:55:11]} 19. Ra1 {[%clk 1:17:28]} d5
{[%clk 0:53:58]} 20. cxd5 {[%clk 1:13:17]} Nxd5 {[%clk 0:52:39]} 21. Bxe5
{[%clk 1:12:57]} f6 {[%clk 0:52:33]} 22. Bd4 {[%clk 1:13:13]} Nac7
{[%clk 0:51:41]} 23. Ra7 {[%clk 1:11:40]} Rb8 {[%clk 0:50:46]} 24. Ra1
{[%clk 1:05:17]} Nb5 {[%clk 0:50:14]} 25. Bxd5 {[%clk 1:04:35]} Qxd5
{[%clk 0:49:56]} 26. Be3 {[%clk 1:04:38]} Kh8 {[%clk 0:48:37]} 27. Qa2
{[%clk 1:04:19]} Qh5 {[%clk 0:46:44]} 28. Qc2 {[%clk 1:00:54]} Re8
{[%clk 0:45:33]} 29. Kg2 {[%clk 0:55:51]} Qd5+ {[%clk 0:44:26]} 30. Kg1
{[%clk 0:56:17]} Qh5 {[%clk 0:43:30]} 31. Qd2 {[%clk 0:56:29]} Qg4
{[%clk 0:42:45]} 32. Rc1 {[%clk 0:56:02]} Nd6 {[%clk 0:40:00]} 33. Rc2 Qe6
{[%clk 0:37:42]} 34. Bc5 {[%clk 0:53:03]} Ra8 {[%clk 0:36:54]} 35. Bxd6
{[%clk 0:50:41]} Ra1+ {[%clk 0:35:42]} 36. Rc1 {[%clk 0:50:00]} Rxc1+
{[%clk 0:35:45]} 37. Qxc1 {[%clk 0:50:26]} Qxd6 {[%clk 0:36:13]} 38. Qc5
{[%clk 0:50:34]} Qd8 {[%clk 0:36:01]} 39. d4 {[%clk 0:50:12]} h6 {[%clk 0:36:07]}
40. e4 {[%clk 0:49:44]} Qd7 {[%clk 0:35:18]} 41. d5 {[%clk 0:45:09]} Kg8
{[%clk 0:34:42]} 42. Kg2 {[%clk 0:43:11]} Kf7 {[%clk 0:34:25]} 43. h4
{[%clk 0:42:57]} Kg8 {[%clk 0:33:53]} 44. Kf3 {[%clk 0:41:26]} f5
{[%clk 0:33:02]} 45. d6 {[%clk 0:39:04]} fxe4+ {[%clk 0:33:16]} 46. Kxe4
{[%clk 0:39:30]} Qg4+ {[%clk 0:32:20]} 47. Kd3 {[%clk 0:37:58]} Qd7
{[%clk 0:31:21]} 48. Qe5 {[%clk 0:35:57]} Kf7 {[%clk 0:30:52]} 49. Kd4
{[%clk 0:35:39]} b6 {[%clk 0:30:13]} 50. f4 {[%clk 0:34:11]} Qe6 {[%clk 0:21:39]}
51. h5 {[%clk 0:32:41]} Qd7 {[%clk 0:20:24]} 52. f5 {[%clk 0:31:44]} Kf8
{[%clk 0:19:25]} 53. Qe6 {[%clk 0:31:45]} c5+ {[%clk 0:18:08]} 54. bxc5
{[%clk 0:31:29]} bxc5+ {[%clk 0:18:16]} 55. Ke5 {[%clk 0:31:18]} Qa4
{[%clk 0:14:50]} 56. d7 {[%clk 0:29:43]} Qd4# {[%clk 0:14:40]} 0-1

[Event "PMPJ 2022 - C15"]
[Site "Jastrzebia Gora"]
[Date "2022.11.12"]
[Round "7.14"]
[White "Rodziewicz-bielewicz, Kuba"]
[Black "Krasniewski, Maciej"]
[Result "0-1"]
[BlackElo "1619"]
[WhiteElo "1274"]
[LiveChessVersion "1.4.4"]

1. e4 {[%clk 1:30:57]} c5 {[%clk 1:30:57]} 2. Nf3 {[%clk 1:31:21]} e6
{[%clk 1:31:23]} 3. g3 {[%clk 1:31:45]} Nc6 {[%clk 1:31:49]} 4. Bg2
{[%clk 1:31:58]} Nf6 {[%clk 1:32:13]} 5. Nc3 {[%clk 1:32:14]} d6 {[%clk 1:32:19]}
6. d4 {[%clk 1:30:29]} cxd4 {[%clk 1:30:23]} 7. Nxd4 {[%clk 1:30:51]} Bd7
{[%clk 1:30:24]} 8. Ndb5 {[%clk 1:28:44]} Qb8 {[%clk 1:30:33]} 9. O-O
{[%clk 1:23:17]} a6 {[%clk 1:30:15]} 10. Nd4 {[%clk 1:23:16]} Be7
{[%clk 1:29:49]} 11. f4 {[%clk 1:17:12]} h5 {[%clk 1:24:18]} 12. Nxc6
{[%clk 1:14:21]} Bxc6 {[%clk 1:20:58]} 13. Be3 {[%clk 1:11:43]} Qc7
{[%clk 1:19:29]} 14. Qd4 {[%clk 1:08:02]} Ng4 {[%clk 1:00:38]} 15. Qb6
{[%clk 1:05:22]} Bd8 {[%clk 1:00:52]} 16. Qxc7 {[%clk 1:05:12]} Bxc7
{[%clk 1:01:20]} 17. Bd4 {[%clk 1:04:33]} e5 {[%clk 1:01:28]} 18. fxe5
{[%clk 1:04:44]} dxe5 {[%clk 1:01:54]} 19. Bc5 {[%clk 1:04:50]} b6
{[%clk 1:02:19]} 20. Bf2 {[%clk 1:03:24]} Bd6 {[%clk 0:58:34]} 21. Rad1
{[%clk 1:00:52]} Ke7 {[%clk 0:58:10]} 22. Nd5+ {[%clk 0:57:43]} Bxd5
{[%clk 0:58:34]} 23. exd5 {[%clk 0:58:05]} Nxf2 {[%clk 0:59:00]} 24. Rxf2
{[%clk 0:57:52]} Bc5 {[%clk 0:54:20]} 25. d6+ {[%clk 0:58:06]} Kd7
{[%clk 0:54:43]} 26. Bxa8 {[%clk 0:56:47]} Rxa8 {[%clk 0:54:39]} 27. Kg2
{[%clk 0:56:51]} Bxf2 {[%clk 0:55:04]} 28. Kxf2 {[%clk 0:57:16]} Rc8
{[%clk 0:55:25]} 29. c3 {[%clk 0:57:08]} Rc6 {[%clk 0:55:50]} 30. Rd5
{[%clk 0:57:27]} f6 {[%clk 0:56:15]} 31. Rd2 {[%clk 0:56:24]} Rxd6
{[%clk 0:56:40]} 32. Re2 {[%clk 0:56:48]} Rd3 {[%clk 0:57:05]} 33. Rc2
{[%clk 0:56:44]} Kd6 {[%clk 0:57:11]} 34. Ke2 {[%clk 0:56:29]} e4
{[%clk 0:57:33]} 35. b3 {[%clk 0:54:01]} g5 {[%clk 0:57:04]} 36. Rc1
{[%clk 0:52:57]} f5 {[%clk 0:57:16]} 37. c4 {[%clk 0:52:51]} a5 {[%clk 0:57:27]}
38. Rf1 {[%clk 0:52:59]} Ke5 {[%clk 0:57:47]} 39. Rc1 {[%clk 0:53:22]} Kd4
{[%clk 0:57:55]} 40. Rf1 {[%clk 0:53:42]} Re3+ {[%clk 0:58:13]} 41. Kd2
{[%clk 0:53:25]} Rf3 {[%clk 0:58:17]} 42. Rxf3 {[%clk 0:53:37]} exf3
{[%clk 0:58:44]} 43. Ke1 {[%clk 0:54:00]} g4 {[%clk 0:59:04]} 44. Kf2
{[%clk 0:54:23]} a4 {[%clk 0:59:24]} 45. h3 {[%clk 0:54:47]} axb3
{[%clk 0:59:50]} 46. axb3 {[%clk 0:55:11]} Kc3 {[%clk 1:00:19]} 47. hxg4
{[%clk 0:55:32]} hxg4 {[%clk 1:00:47]} 48. b4 {[%clk 0:55:37]} Kxb4
{[%clk 1:01:15]} 0-1

[Event "PMPJ 2022 - C15"]
[Site "Jastrzebia Gora"]
[Date "2022.11.12"]
[Round "7.15"]
[White "Bartnik, Michal"]
[Black "Duda, Leon"]
[Result "0-1"]
[BlackElo "1621"]
[WhiteElo "1480"]
[LiveChessVersion "1.4.4"]

1. e4 c5 2. Nf3 d6 3. Nc3 Nf6 4. d4 cxd4 5. Qxd4 Nc6 6. Bb5 Bd7 7. Bxc6 Bxc6 8.
Bg5 e6 9. O-O-O Be7 10. Qd3 Ng4 11. Bxe7 Qxe7 12. Rhf1 Rd8 13. Kb1 O-O 14. Qe2
Qf6 15. h3 Ne5 16. Nd4 d5 17. f4 Nc4 18. e5 Qe7 19. Rd3 f6 20. Re1 fxe5 21. fxe5
Rf4 22. g3 Rf7 23. Nd1 Rdf8 24. c3 Bd7 25. b3 Na3+ 26. Kb2 a5 27. h4 b5 28. Ka1
b4 29. cxb4 axb4 30. Rf3 Qc5 31. Nb2 Rxf3 32. Nxf3 Nc2+ 33. Kb1 Nxe1 34. Nxe1 Rf2
35. Qd1 Rf1 36. Nbd3 Qe3 37. Kc2 Qe4 38. Kd2 Bb5 39. Qc2 Rxe1 40. Qc8+ Kf7 41.
Qb7+ Kg6 42. Nf4+ Kh6 43. Qxb5 Qe3+ 44. Kc2 Qc3# 0-1

[Event "PMPJ 2022 - C15"]
[Site "Jastrzebia Gora"]
[Date "2022.11.12"]
[Round "7.16"]
[White "Grabowski, Wojciech"]
[Black "Wilgosz, Szczepan"]
[Result "1/2-1/2"]
[BlackElo "1618"]
[WhiteElo "1448"]
[LiveChessVersion "1.4.4"]

1. d4 {[%clk 1:30:57]} Nf6 {[%clk 1:30:46]} 2. Nf3 {[%clk 1:31:22]} g6
{[%clk 1:30:48]} 3. c3 {[%clk 1:29:28]} Bg7 {[%clk 1:31:03]} 4. Nbd2
{[%clk 1:29:36]} d5 {[%clk 1:26:57]} 5. e3 {[%clk 1:29:20]} O-O {[%clk 1:21:45]}
6. Bd3 {[%clk 1:28:53]} c5 {[%clk 1:21:27]} 7. O-O {[%clk 1:28:42]} cxd4
{[%clk 1:15:11]} 8. exd4 {[%clk 1:28:49]} Nbd7 {[%clk 1:11:04]} 9. Re1
{[%clk 1:28:50]} Re8 {[%clk 1:06:43]} 10. Nb3 {[%clk 1:26:57]} a5
{[%clk 1:02:13]} 11. a4 {[%clk 1:19:09]} b6 {[%clk 0:58:24]} 12. Bg5
{[%clk 1:15:42]} Bb7 {[%clk 0:54:52]} 13. Nbd2 {[%clk 1:13:45]} Nh5
{[%clk 0:41:12]} 14. Qe2 {[%clk 1:08:55]} f6 {[%clk 0:35:39]} 15. Qe6+
{[%clk 0:59:32]} Kh8 {[%clk 0:32:52]} 16. Bb5 {[%clk 0:58:49]} Nf8
{[%clk 0:23:38]} 17. Qe3 {[%clk 0:53:57]} fxg5 {[%clk 0:18:39]} 18. Nxg5
{[%clk 0:53:52]} Kg8 {[%clk 0:18:24]} 19. Bxe8 {[%clk 0:49:24]} Qxe8
{[%clk 0:18:46]} 20. Ne6 {[%clk 0:49:41]} Nxe6 {[%clk 0:16:39]} 21. Qxe6+
{[%clk 0:50:08]} Kf8 {[%clk 0:13:10]} 22. Nf3 {[%clk 0:44:27]} Bf6
{[%clk 0:05:28]} 23. Ne5 {[%clk 0:40:12]} Bxe5 {[%clk 0:05:15]} 24. Rxe5
{[%clk 0:39:36]} Ng7 {[%clk 0:05:01]} 25. Qxb6 {[%clk 0:39:13]} Qc6
{[%clk 0:05:08]} 26. Qb3 {[%clk 0:35:18]} e6 {[%clk 0:02:29]} 27. Qa3+
{[%clk 0:34:08]} Kg8 {[%clk 0:02:18]} 28. Ree1 {[%clk 0:33:53]} Ba6
{[%clk 0:01:12]} 29. b4 {[%clk 0:31:10]} axb4 30. cxb4 {[%clk 0:31:24]} Bc4
{[%clk 0:00:56]} 31. Reb1 {[%clk 0:30:31]} Nf5 {[%clk 0:00:42]} 32. b5
{[%clk 0:29:54]} Qb6 {[%clk 0:00:35]} 33. Qc5 {[%clk 0:29:25]} Rb8
{[%clk 0:00:36]} 34. Rd1 {[%clk 0:27:48]} Kf7 {[%clk 0:00:40]} 35. Ra3
{[%clk 0:27:03]} Ke8 {[%clk 0:00:36]} 36. g4 {[%clk 0:24:24]} Nd6
{[%clk 0:00:46]} 37. f3 {[%clk 0:24:01]} Kd7 {[%clk 0:00:44]} 38. Re1
{[%clk 0:23:12]} Qb7 {[%clk 0:00:41]} 39. Rae3 {[%clk 0:23:12]} Re8
{[%clk 0:01:04]} 40. b6 {[%clk 0:22:48]} Ba6 {[%clk 0:00:35]} 41. a5
{[%clk 0:20:53]} Nc4 {[%clk 0:00:46]} 42. Rc3 {[%clk 0:20:36]} Rc8
{[%clk 0:00:58]} 43. Qb4 {[%clk 0:20:41]} Qc6 {[%clk 0:01:09]} 44. Rec1
{[%clk 0:20:26]} Qd6 {[%clk 0:00:44]} 45. Qa4+ {[%clk 0:17:24]} Qc6
{[%clk 0:00:56]} 46. Qb4 {[%clk 0:17:41]} Qb5 {[%clk 0:01:05]} 47. Qxb5+
{[%clk 0:16:29]} Bxb5 {[%clk 0:01:34]} 48. Ra1 {[%clk 0:16:32]} Ba6
{[%clk 0:01:46]} 49. Kf2 {[%clk 0:16:15]} Ra8 {[%clk 0:01:30]} 50. Rc2
{[%clk 0:16:25]} Bb7 {[%clk 0:01:09]} 51. Rca2 {[%clk 0:16:37]} Ra6
{[%clk 0:01:23]} 52. Kg3 {[%clk 0:16:20]} Kd6 {[%clk 0:01:01]} 53. f4
{[%clk 0:15:46]} Bc6 {[%clk 0:00:50]} 54. Kh4 {[%clk 0:15:20]} h6
{[%clk 0:00:36]} 55. f5 {[%clk 0:11:11]} gxf5 {[%clk 0:00:33]} 56. gxf5
{[%clk 0:11:39]} exf5 {[%clk 0:00:46]} 57. Kh5 {[%clk 0:11:59]} Ke6
{[%clk 0:00:43]} 58. Kxh6 {[%clk 0:12:13]} Kf6 {[%clk 0:01:02]} 59. Kh5
{[%clk 0:11:19]} Bb7 {[%clk 0:00:43]} 60. Kh4 {[%clk 0:11:06]} Kg6
{[%clk 0:00:39]} 61. Rg2+ {[%clk 0:09:24]} Kf6 {[%clk 0:00:47]} 62. Rga2
{[%clk 0:09:49]} Ke5 1/2-1/2

[Event "PMPJ 2022 - C15"]
[Site "Jastrzebia Gora"]
[Date "2022.11.12"]
[Round "7.17"]
[White "Nawrocki, Michal"]
[Black "Chmura, Eryk"]
[Result "0-1"]
[BlackElo "1614"]
[WhiteElo "1432"]
[LiveChessVersion "1.4.4"]

1. e4 {[%clk 1:30:57]} c5 {[%clk 1:30:55]} 2. Nf3 {[%clk 1:31:23]} g6
{[%clk 1:31:17]} 3. d4 {[%clk 1:31:50]} cxd4 {[%clk 1:31:42]} 4. Nxd4
{[%clk 1:31:54]} Nc6 {[%clk 1:32:06]} 5. Be3 {[%clk 1:32:15]} Nf6
{[%clk 1:31:53]} 6. Nc3 {[%clk 1:32:38]} Bg7 {[%clk 1:32:17]} 7. Bc4
{[%clk 1:32:53]} O-O {[%clk 1:32:40]} 8. Bb3 {[%clk 1:33:22]} Re8
{[%clk 1:33:02]} 9. O-O {[%clk 1:32:28]} d6 {[%clk 1:33:22]} 10. h3
{[%clk 1:31:14]} Na5 {[%clk 1:33:43]} 11. Nf3 {[%clk 1:30:57]} Bd7
{[%clk 1:30:05]} 12. Qe2 Bc6 {[%clk 1:05:13]} 13. Bd5 {[%clk 1:22:38]} Qc8
{[%clk 1:01:44]} 14. Bxc6 {[%clk 1:16:55]} Qxc6 {[%clk 1:00:41]} 15. e5
{[%clk 1:11:19]} Ne4 {[%clk 0:57:53]} 16. Nxe4 {[%clk 1:10:15]} Qxe4
{[%clk 0:58:16]} 17. exd6 {[%clk 1:06:51]} exd6 {[%clk 0:58:06]} 18. c3
{[%clk 1:05:36]} Bh6 {[%clk 0:49:52]} 19. Qb5 {[%clk 1:05:28]} Bxe3
{[%clk 0:45:29]} 20. Qxa5 {[%clk 1:05:24]} Bb6 {[%clk 0:44:35]} 21. Qb5
{[%clk 1:03:01]} Qe2 {[%clk 0:42:15]} 22. Qb3 {[%clk 0:55:12]} h6
{[%clk 0:33:56]} 23. Rad1 {[%clk 0:50:53]} Rad8 {[%clk 0:33:22]} 24. Nd4
{[%clk 0:47:58]} Qe4 {[%clk 0:29:05]} 25. Nf3 {[%clk 0:41:52]} Qf4
{[%clk 0:22:07]} 26. Qd5 {[%clk 0:37:51]} Re2 {[%clk 0:20:04]} 27. Qb5
{[%clk 0:29:11]} Rde8 {[%clk 0:17:10]} 28. a4 {[%clk 0:27:33]} Qf5
{[%clk 0:10:16]} 29. Qxf5 {[%clk 0:25:06]} gxf5 {[%clk 0:10:39]} 30. b4
{[%clk 0:25:11]} Rc2 {[%clk 0:05:59]} 31. a5 {[%clk 0:22:49]} Bd8
{[%clk 0:05:36]} 32. Nd4 {[%clk 0:20:47]} Rxc3 {[%clk 0:05:35]} 33. Nb5
{[%clk 0:20:53]} Rb3 {[%clk 0:05:05]} 34. Nxd6 {[%clk 0:20:57]} Re5
{[%clk 0:05:23]} 35. Nxb7 {[%clk 0:16:47]} Be7 {[%clk 0:05:41]} 36. Rfe1
{[%clk 0:16:28]} Rxe1+ {[%clk 0:05:42]} 37. Rxe1 {[%clk 0:16:50]} Bxb4
{[%clk 0:06:08]} 38. Re8+ {[%clk 0:16:08]} Kg7 {[%clk 0:06:16]} 39. Ra8
{[%clk 0:15:49]} Bc3 {[%clk 0:06:29]} 40. a6 {[%clk 0:14:58]} Bd4
{[%clk 0:06:14]} 41. Rd8 {[%clk 0:12:49]} Rb1+ {[%clk 0:05:39]} 42. Kh2
{[%clk 0:13:12]} Bxf2 {[%clk 0:06:01]} 43. Rd2 {[%clk 0:13:24]} Be1
{[%clk 0:05:46]} 44. Rd4 {[%clk 0:11:17]} Ra1 {[%clk 0:03:46]} 45. Nc5
{[%clk 0:10:55]} Bf2 {[%clk 0:03:12]} 46. Ra4 {[%clk 0:11:17]} Rxa4
{[%clk 0:03:15]} 47. Nxa4 {[%clk 0:11:41]} Bd4 {[%clk 0:03:42]} 48. Kg3
{[%clk 0:11:43]} Kf6 {[%clk 0:04:02]} 49. Kf4 {[%clk 0:11:58]} h5
{[%clk 0:03:55]} 50. g3 {[%clk 0:12:12]} Kg6 {[%clk 0:03:24]} 51. Kf3
{[%clk 0:12:27]} Kg5 {[%clk 0:03:22]} 52. Ke2 {[%clk 0:12:30]} Kf6
{[%clk 0:03:41]} 53. Kd3 {[%clk 0:12:25]} Ke5 {[%clk 0:04:05]} 54. Kd2
{[%clk 0:12:24]} Ke4 {[%clk 0:04:21]} 55. Ke2 {[%clk 0:12:48]} h4
{[%clk 0:03:19]} 56. gxh4 {[%clk 0:13:12]} f4 {[%clk 0:03:44]} 57. h5
{[%clk 0:13:25]} f3+ {[%clk 0:04:07]} 58. Kf1 {[%clk 0:13:30]} Kf5
{[%clk 0:04:31]} 59. h4 {[%clk 0:13:37]} Kf6 {[%clk 0:04:56]} 60. Nb2
{[%clk 0:10:23]} Bxb2 {[%clk 0:05:18]} 0-1

[Event "PMPJ 2022 - C15"]
[Site "Jastrzebia Gora"]
[Date "2022.11.12"]
[Round "7.18"]
[White "Marek, Grzegorz"]
[Black "Borowik, Karol"]
[Result "1-0"]
[BlackElo "1451"]
[WhiteElo "1614"]
[LiveChessVersion "1.4.4"]

1. b3 {[%clk 1:30:57]} e5 {[%clk 1:30:54]} 2. Bb2 {[%clk 1:31:20]} d6
{[%clk 1:31:20]} 3. e3 {[%clk 1:31:32]} Nc6 {[%clk 1:31:37]} 4. Nf3
{[%clk 1:17:57]} g5 {[%clk 1:28:44]} 5. d4 {[%clk 1:06:46]} g4 {[%clk 1:27:52]}
6. Ng1 {[%clk 1:01:22]} Bg7 {[%clk 1:22:33]} 7. c3 {[%clk 0:56:40]} Nf6
{[%clk 1:06:34]} 8. Na3 {[%clk 0:39:22]} exd4 {[%clk 0:58:11]} 9. cxd4
{[%clk 0:38:57]} d5 {[%clk 0:57:58]} 10. Nc2 {[%clk 0:37:52]} O-O
{[%clk 0:46:58]} 11. Bd3 {[%clk 0:38:02]} Ne4 {[%clk 0:42:58]} 12. Bxe4
{[%clk 0:37:19]} dxe4 {[%clk 0:42:58]} 13. Ne2 {[%clk 0:33:41]} Ne7
{[%clk 0:36:52]} 14. Qd2 {[%clk 0:28:25]} a5 {[%clk 0:29:53]} 15. g3
{[%clk 0:24:21]} Nd5 {[%clk 0:26:52]} 16. Nc3 {[%clk 0:24:09]} Re8
{[%clk 0:25:10]} 17. O-O {[%clk 0:14:12]} Ra6 {[%clk 0:23:39]} 18. Kg2
{[%clk 0:13:31]} h5 {[%clk 0:20:51]} 19. Nxd5 {[%clk 0:08:29]} Qxd5
{[%clk 0:21:19]} 20. Qe2 {[%clk 0:04:26]} h4 {[%clk 0:14:48]} 21. Na3
{[%clk 0:04:23]} Rh6 {[%clk 0:13:15]} 22. Rac1 {[%clk 0:04:11]} Qh5
{[%clk 0:11:24]} 23. Kg1 {[%clk 0:03:49]} Bf8 {[%clk 0:07:18]} 24. Kh1
{[%clk 0:02:20]} hxg3 {[%clk 0:03:36]} 25. fxg3 {[%clk 0:02:44]} Bd6
{[%clk 0:03:36]} 26. Qf2 {[%clk 0:01:33]} c6 {[%clk 0:02:01]} 27. Nc4
{[%clk 0:01:44]} Bc7 {[%clk 0:01:55]} 28. Nxa5 {[%clk 0:01:14]} Bd6
{[%clk 0:00:40]} 29. Nc4 {[%clk 0:01:34]} Bc7 {[%clk 0:01:07]} 30. Ne5
{[%clk 0:01:30]} f6 {[%clk 0:01:05]} 31. Nc4 {[%clk 0:00:57]} Qh3 32. Rg1
{[%clk 0:00:59]} Kg7 {[%clk 0:00:40]} 33. Rg2 {[%clk 0:00:39]} Reh8
{[%clk 0:00:46]} 34. Kg1 {[%clk 0:00:36]} b5 {[%clk 0:00:33]} 35. Nd2
{[%clk 0:00:59]} Bb7 {[%clk 0:00:49]} 36. Nf1 {[%clk 0:00:36]} Qh5
{[%clk 0:00:46]} 37. Rc5 {[%clk 0:00:53]} Qg6 {[%clk 0:00:55]} 38. Qf5
{[%clk 0:00:42]} Qxf5 {[%clk 0:00:54]} 39. Rxf5 {[%clk 0:01:04]} Bd6
{[%clk 0:01:13]} 40. Nd2 {[%clk 0:00:42]} Bc8 {[%clk 0:01:23]} 41. Rf1
{[%clk 0:00:57]} f5 {[%clk 0:01:31]} 42. d5+ {[%clk 0:01:16]} Kg6
{[%clk 0:01:33]} 43. Bxh8 {[%clk 0:01:30]} Rxh8 {[%clk 0:02:02]} 44. dxc6
{[%clk 0:01:44]} Bc5 {[%clk 0:02:26]} 45. Re2 {[%clk 0:01:15]} Rd8
{[%clk 0:02:46]} 46. Kf2 {[%clk 0:01:16]} Rd3 {[%clk 0:02:51]} 47. Rc1
{[%clk 0:00:50]} Ba3 {[%clk 0:02:50]} 48. Rc2 {[%clk 0:01:10]} Bb4
{[%clk 0:03:01]} 49. Nb1 {[%clk 0:00:54]} Rd1 {[%clk 0:02:56]} 50. Nc3
{[%clk 0:01:14]} Rd3 {[%clk 0:02:46]} 51. Nxb5 {[%clk 0:01:33]} Ba6
{[%clk 0:02:41]} 52. c7 {[%clk 0:01:55]} Rd5 {[%clk 0:03:04]} 53. Nd4
{[%clk 0:01:46]} Bc8 {[%clk 0:03:27]} 54. Rc6+ {[%clk 0:02:02]} Kf7
{[%clk 0:03:40]} 55. Rec2 {[%clk 0:02:21]} f4 {[%clk 0:03:33]} 56. gxf4
{[%clk 0:02:47]} Rh5 {[%clk 0:02:54]} 57. Kg2 {[%clk 0:02:16]} Rh3
{[%clk 0:02:52]} 58. Nb5 {[%clk 0:01:28]} Rxe3 {[%clk 0:02:47]} 59. Nd6+
{[%clk 0:01:47]} Bxd6 {[%clk 0:02:47]} 60. Rxd6 {[%clk 0:02:12]} Rd3
{[%clk 0:02:48]} 61. Rxd3 {[%clk 0:02:26]} exd3 {[%clk 0:03:11]} 62. Rd2
{[%clk 0:02:40]} Bb7+ {[%clk 0:03:36]} 63. Kf2 {[%clk 0:02:52]} 1-0

[Event "PMPJ 2022 - C15"]
[Site "Jastrzebia Gora"]
[Date "2022.11.12"]
[Round "7.19"]
[White "Miler, Franciszek"]
[Black "Bochenek, Ryszard"]
[Result "0-1"]
[BlackElo "1437"]
[WhiteElo "1608"]
[LiveChessVersion "1.4.4"]

1. e4 {[%clk 1:30:54]} e5 {[%clk 1:30:53]} 2. Nf3 {[%clk 1:31:10]} Nc6
{[%clk 1:31:14]} 3. Bc4 {[%clk 1:31:03]} Nf6 {[%clk 1:31:39]} 4. d3
{[%clk 1:31:13]} Bc5 {[%clk 1:32:00]} 5. c3 {[%clk 1:30:54]} O-O {[%clk 1:31:26]}
6. O-O {[%clk 1:31:13]} d6 {[%clk 1:31:51]} 7. h3 {[%clk 1:23:05]} a6
{[%clk 1:30:14]} 8. Bb3 {[%clk 1:23:21]} Ba7 {[%clk 1:30:11]} 9. Re1
{[%clk 1:18:11]} Ne7 {[%clk 1:29:51]} 10. d4 {[%clk 1:15:55]} Ng6
{[%clk 1:29:48]} 11. Nbd2 {[%clk 1:08:06]} h6 {[%clk 1:27:25]} 12. Nf1
{[%clk 1:05:05]} Qe7 {[%clk 1:25:16]} 13. Ng3 {[%clk 1:04:34]} Rd8
{[%clk 1:23:59]} 14. Qc2 {[%clk 1:01:01]} c6 {[%clk 1:19:50]} 15. Nf5
{[%clk 0:51:59]} Qf8 {[%clk 1:13:33]} 16. Be3 {[%clk 0:35:52]} d5
{[%clk 1:00:03]} 17. Ng3 {[%clk 0:27:04]} exd4 {[%clk 0:36:03]} 18. Bxd4
{[%clk 0:23:17]} Bxd4 {[%clk 0:36:10]} 19. cxd4 {[%clk 0:23:39]} dxe4
{[%clk 0:33:09]} 20. Nxe4 {[%clk 0:22:50]} Nd5 {[%clk 0:33:17]} 21. Nc3
{[%clk 0:16:16]} Ngf4 {[%clk 0:29:50]} 22. Qe4 {[%clk 0:13:29]} Qd6
{[%clk 0:25:38]} 23. Nxd5 {[%clk 0:08:31]} cxd5 {[%clk 0:24:44]} 24. Qe3
{[%clk 0:06:30]} Bf5 {[%clk 0:23:42]} 25. Ne5 {[%clk 0:05:51]} Ne6
{[%clk 0:23:31]} 26. Rad1 {[%clk 0:04:12]} Rac8 {[%clk 0:23:26]} 27. Qf3
{[%clk 0:04:28]} g6 {[%clk 0:22:03]} 28. g4 {[%clk 0:03:45]} Ng5 {[%clk 0:22:18]}
29. Qe3 {[%clk 0:03:46]} Bc2 {[%clk 0:20:44]} 30. Rc1 {[%clk 0:03:01]} Bxb3
{[%clk 0:20:54]} 31. axb3 {[%clk 0:03:17]} Qf6 {[%clk 0:19:29]} 32. h4
{[%clk 0:02:50]} Ne6 {[%clk 0:18:44]} 33. Qg3 {[%clk 0:01:39]} Rxc1
{[%clk 0:18:33]} 34. Rxc1 {[%clk 0:02:05]} Nxd4 {[%clk 0:19:01]} 35. Qe3
{[%clk 0:02:06]} Ne6 {[%clk 0:13:24]} 36. Nf3 {[%clk 0:01:53]} d4
{[%clk 0:13:36]} 37. Qxh6 {[%clk 0:02:05]} 0-1

[Event "PMPJ 2022 - C15"]
[Site "Jastrzebia Gora"]
[Date "2022.11.12"]
[Round "7.20"]
[White "Niemczyk, Krzysztof"]
[Black "Kozik, Maksymilian"]
[Result "1-0"]
[BlackElo "1341"]
[WhiteElo "1575"]
[LiveChessVersion "1.4.4"]

1. e4 {[%clk 1:30:59]} e5 {[%clk 1:30:56]} 2. Nf3 {[%clk 1:31:25]} Nf6
{[%clk 1:31:22]} 3. Bc4 {[%clk 1:31:50]} Nxe4 {[%clk 1:31:46]} 4. Nc3
{[%clk 1:32:16]} Nxc3 {[%clk 1:30:53]} 5. dxc3 {[%clk 1:32:39]} f6
{[%clk 1:31:06]} 6. Nh4 {[%clk 1:32:41]} g6 {[%clk 1:29:19]} 7. f4
{[%clk 1:32:45]} c6 {[%clk 1:27:01]} 8. f5 {[%clk 1:12:16]} d5 {[%clk 1:27:50]}
9. fxg6 {[%clk 1:12:39]} dxc4 {[%clk 1:28:07]} 10. Qh5 {[%clk 1:13:05]} Bg7
{[%clk 1:24:51]} 11. gxh7+ {[%clk 1:12:56]} Kd7 {[%clk 1:23:41]} 12. Qg4+
{[%clk 1:12:18]} Kc7 {[%clk 1:23:24]} 13. Qxg7+ {[%clk 1:12:43]} Nd7
{[%clk 1:23:07]} 14. Ng6 {[%clk 1:12:12]} 1-0

[Event "PMPJ 2022 - C15"]
[Site "Jastrzebia Gora"]
[Date "2022.11.12"]
[Round "7.21"]
[White "Klys, Kacper"]
[Black "Grzadka, Artur"]
[Result "0-1"]
[BlackElo "1687"]
[WhiteElo "1406"]
[LiveChessVersion "1.4.4"]

1. d4 {[%clk 1:30:59]} Nf6 {[%clk 1:30:55]} 2. c4 {[%clk 1:31:26]} e6
{[%clk 1:31:17]} 3. Nf3 {[%clk 1:31:41]} b6 {[%clk 1:31:43]} 4. g3
{[%clk 1:32:04]} Ba6 {[%clk 1:31:57]} 5. b3 {[%clk 1:32:32]} Bb4+
{[%clk 1:32:18]} 6. Bd2 {[%clk 1:32:56]} Be7 {[%clk 1:32:39]} 7. Bg2
{[%clk 1:33:02]} c6 {[%clk 1:32:35]} 8. O-O {[%clk 1:33:07]} O-O {[%clk 1:32:17]}
9. Re1 {[%clk 1:33:28]} d5 {[%clk 1:32:31]} 10. Qc2 {[%clk 1:32:50]} Nbd7
{[%clk 1:32:47]} 11. e3 {[%clk 1:33:11]} Rc8 {[%clk 1:31:11]} 12. cxd5
{[%clk 1:31:11]} cxd5 {[%clk 1:23:52]} 13. Qb2 {[%clk 1:31:11]} Ne4
{[%clk 1:21:45]} 14. b4 {[%clk 1:29:26]} Bc4 {[%clk 1:15:03]} 15. Na3
{[%clk 1:26:33]} b5 {[%clk 1:14:13]} 16. Nxc4 {[%clk 1:24:36]} bxc4
{[%clk 1:14:36]} 17. Bc3 {[%clk 1:25:02]} Rb8 {[%clk 1:13:50]} 18. a3
{[%clk 1:24:15]} a5 {[%clk 1:11:52]} 19. Ne5 {[%clk 1:24:26]} Nxe5
{[%clk 1:04:52]} 20. Bxe4 axb4 {[%clk 0:54:34]} 21. axb4 {[%clk 1:17:01]} Nc6
{[%clk 0:54:10]} 22. Bb1 {[%clk 1:16:58]} Nxb4 {[%clk 0:53:10]} 23. Bxb4
{[%clk 1:17:22]} Rxb4 {[%clk 0:52:03]} 24. Qc2 {[%clk 1:17:50]} g6
{[%clk 0:51:54]} 25. e4 {[%clk 1:17:59]} Bf6 {[%clk 0:49:29]} 26. e5
{[%clk 1:18:19]} Bg7 {[%clk 0:48:19]} 27. Re3 {[%clk 1:16:44]} Qb6
{[%clk 0:48:13]} 28. Qd1 {[%clk 1:17:11]} Bh6 {[%clk 0:39:38]} 29. Rea3
{[%clk 1:16:01]} c3 {[%clk 0:32:03]} 30. Ra4 {[%clk 1:16:25]} Rc8
{[%clk 0:24:13]} 31. Rxb4 {[%clk 1:12:48]} Qxb4 {[%clk 0:24:42]} 32. Ra4
{[%clk 1:13:17]} Qxb1 {[%clk 0:23:24]} 33. Qxb1 {[%clk 1:13:02]} c2
{[%clk 0:23:44]} 34. Qb7 {[%clk 1:13:22]} c1=Q+ {[%clk 0:24:04]} 35. Kg2
{[%clk 1:13:51]} Qc6 {[%clk 0:22:41]} 36. Qb3 {[%clk 1:14:08]} Qc2
{[%clk 0:22:33]} 37. Qb7 {[%clk 1:14:03]} Qe4+ {[%clk 0:22:30]} 38. Kh3
{[%clk 1:14:19]} Qf5+ {[%clk 0:22:54]} 39. Kg2 {[%clk 1:14:46]} Rc2
{[%clk 0:21:32]} 0-1